000 00947nam a2200277 i 4500
003 DO-SdBNP
005 20230912133824.0
007 ta
008 110330s1996 dr ab 000 0 spa d
040 _aDO-SdBNP
_bspa
_cBNPHU
_erda
082 _a929.92
_bM433b
100 1 _aMatos G., Ramiro
_938533
245 1 3 _aLa bandera y el escudo dominicano :
_bescudos heráldicos y otras banderas que han tremolado en la isla /
_cRamiro Matos G.
260 _aSanto Domingo :
_bUniversidad Tecnológica del Sur,
_c1996.
300 _a401 páginas
_bilustraciones, mapas
_c23 cm.
336 _2rdacontent
_atexto
_btxt
337 _2rdamedia
_asin mediación
_bn
338 _2rdacarrier
_avolumen
_bnc
490 1 _aUTESUR
_v1
504 _aBibliografía : p. 387-390
590 _aInventariado, 2023/ YL
650 4 _aEscudos nacionales
_954219
650 4 _aBanderas
_zRepública Dominicana
_xHistoria
_954220
910 _aYlockward
942 _2ddc
_cLBS1
999 _c54707
_d54707